000 00252nam a2200097 4500
082 _aPAH
100 _aPahlvi
245 _aPROCEEDINGS OF THE FIRST IRANIAN CONGRESS OF ELECTRICAL ENGINEERING
260 _aIran:
_bPahlvi Universities,
_c1974.
942 _cBK
999 _c10020
_d10020